[Event "Open Letni Praha 2017 - A"]
[Site "Praha"]
[Date "2017.08.09"]
[Round "7"]
[White "Lindblom, Roar"]
[Black "Richterova, Natasa"]
[Result "0-1"]
[WhiteElo "1904"]
[BlackElo "2172"]
[PlyCount "82"]
[EventDate "2017.08.04"]

1. d4 d5 2. c4 c6 3. Nf3 Nf6 4. Nc3 e6 5. g3 Nbd7 6. Bg2 Bd6 7. O-O dxc4 8. a4
a5 9. Qc2 O-O 10. Rd1 Nb6 11. e4 Be7 12. Bf4 Nfd7 13. Rac1 Nb8 14. Qe2 Bb4 15.
Ra1 Bd6 16. Be3 Na6 17. Nd2 Nb4 18. Nxc4 Nxc4 19. Qxc4 Nc2 20. Rac1 Nxe3 21.
fxe3 Qg5 22. Qe2 e5 23. d5 Bc5 24. Rd3 b6 25. dxc6 Ba6 26. Nb5 Rac8 27. Rxc5
bxc5 28. Rd6 Rfd8 29. Rxd8+ Qxd8 30. Qc2 Rxc6 31. Bf1 Rc8 32. Bc4 h5 33. Na7
Rc7 34. Nb5 Rd7 35. Bd5 Qb6 36. Bc4 h4 37. g4 h3 38. Qe2 Qg6 39. Bd5 Bb7 40.
Nc3 Bc8 41. Nd1 Rxd5 0-1

[Event "Open Letni Praha 2017 - A"]
[Site "Praha"]
[Date "2017.08.09"]
[Round "7"]
[White "Horton, Justin"]
[Black "Certek, Pavel"]
[Result "0-1"]
[WhiteElo "2030"]
[BlackElo "2287"]
[PlyCount "34"]
[EventDate "2017.08.04"]

1. d4 Nf6 2. Nf3 g6 3. c4 Bg7 4. g3 O-O 5. Bg2 d5 6. cxd5 Nxd5 7. Nc3 Nb6 8.
O-O Nc6 9. d5 Na5 10. Qc2 c6 11. e4 cxd5 12. Nxd5 Nxd5 13. exd5 Qxd5 14. Bf4
Qb5 15. Qc7 Nc6 16. Rfe1 Bf5 17. Bf1 Qxb2 0-1

[Event "Open Letni Praha 2017 - A"]
[Site "Praha"]
[Date "2017.08.09"]
[Round "7"]
[White "Mammadova, Narmin"]
[Black "Afanasieva, Alexandra"]
[Result "1-0"]
[WhiteElo "2277"]
[BlackElo "2041"]
[PlyCount "69"]
[EventDate "2017.08.04"]

1. Nf3 c5 2. g3 Nc6 3. Bg2 g6 4. O-O Bg7 5. e4 Nf6 6. Re1 O-O 7. c3 d6 8. h3
Nd7 9. d3 Rb8 10. Be3 b5 11. Qd2 Re8 12. Bh6 Bh8 13. Ng5 Bg7 14. Bxg7 Kxg7 15.
f4 e6 16. Rf1 h6 17. Nf3 Nb6 18. Nh4 Ne7 19. Na3 a6 20. Nc2 d5 21. Qf2 c4 22.
Rad1 cxd3 23. Rxd3 Qc7 24. e5 Nc6 25. g4 Ne7 26. Nd4 Kh8 27. f5 exf5 28. gxf5
g5 29. f6 Nc6 30. Nxc6 Qxc6 31. Nf3 Nd7 32. Qg3 Nc5 33. Nxg5 Qc7 34. Qh4 Ne6
35. Qxh6+ 1-0

[Event "Open Letni Praha 2017 - A"]
[Site "Praha"]
[Date "2017.08.09"]
[Round "7"]
[White "Schmitz, Thorsten"]
[Black "Jayaram, Ramanna"]
[Result "1-0"]
[WhiteElo "2273"]
[BlackElo "2021"]
[PlyCount "119"]
[EventDate "2017.08.04"]

1. e4 e5 2. Nf3 Nc6 3. Bb5 a6 4. Ba4 Nf6 5. O-O Be7 6. Re1 b5 7. Bb3 d6 8. c3
O-O 9. d3 Na5 10. Bc2 c5 11. Nbd2 Nc6 12. Nf1 Re8 13. h3 Bf8 14. Bg5 h6 15. Bh4
g5 16. Bg3 Ne7 17. d4 cxd4 18. cxd4 exd4 19. Nxd4 Ng6 20. a4 Bd7 21. Nf5 Bxf5
22. exf5 Ne5 23. Ne3 Rc8 24. axb5 axb5 25. Ra6 Ra8 26. Rxa8 Qxa8 27. Bb3 Qc8
28. Re2 Nc4 29. Bxc4 bxc4 30. Rc2 d5 31. Nxd5 Qxf5 32. Ne3 Qd3 33. Rd2 Qb3 34.
Qxb3 cxb3 35. Rd3 Ne4 36. Rxb3 Nxg3 37. fxg3 Bc5 38. Kf2 f5 39. Kf3 Bxe3 40.
Rxe3 Rb8 41. b3 Rc8 42. b4 Rb8 43. Rb3 Kf7 44. Ke3 Ke6 45. Kd4 Kd6 46. b5 Rb6
47. Rb2 h5 48. Rb3 Ke6 49. Kc5 Rb8 50. Kc6 Rc8+ 51. Kb7 Rc2 52. b6 Rxg2 53. Kc7
Ra2 54. b7 Ra7 55. Rb5 h4 56. gxh4 gxh4 57. Kb6 Rxb7+ 58. Kxb7 Kf6 59. Kc6 Kg5
60. Rb4 1-0

[Event "Open Letni Praha 2017 - A"]
[Site "Praha"]
[Date "2017.08.09"]
[Round "7"]
[White "Sura, Jaroslav"]
[Black "Matras, Ondrej"]
[Result "0-1"]
[WhiteElo "2018"]
[BlackElo "2264"]
[PlyCount "142"]
[EventDate "2017.08.04"]

1. e4 e6 2. d4 d5 3. Nd2 c5 4. exd5 Qxd5 5. Ngf3 cxd4 6. Bc4 Qd6 7. O-O Nf6 8.
Re1 Nc6 9. Ne4 Nxe4 10. Rxe4 Be7 11. Bf4 Qc5 12. Bb3 O-O 13. Nxd4 Nxd4 14. Rxd4
b5 15. Bd6 Bxd6 16. Rxd6 Bb7 17. Rd4 Qg5 18. Rg4 Qf6 19. c3 Rad8 20. Qe2 Bc6
21. Rd1 Rxd1+ 22. Qxd1 Rd8 23. Rd4 Rxd4 24. cxd4 Qg5 25. f3 h5 26. h4 Qxh4 27.
d5 exd5 28. Bxd5 Be8 29. Be4 Qf6 30. Qe2 Bc6 31. Bxc6 Qxc6 32. Qe5 g6 33. Qb8+
Kg7 34. Qe5+ Kh7 35. b4 a6 36. Qc5 Qe6 37. a3 Qe1+ 38. Kh2 Qh4+ 39. Kg1 Qf6 40.
Qe3 Kg7 41. Kf2 h4 42. Kg1 g5 43. Kh1 Kh6 44. Kg1 Qe6 45. Qc3 f6 46. Qc5 Kg6
47. Qc2+ Kg7 48. Qc7+ Kh6 49. Qd8 Kg6 50. Qa8 Kf5 51. Qd8 Qe1+ 52. Kh2 Qe5+ 53.
Kh1 Kf4 54. Qd7 Kg3 55. Qd1 Kf2 56. Qg1+ Ke2 57. Qc5 Qe3 58. Qc2+ Kf1 59. Qd1+
Qe1 60. Qc2 f5 61. Kh2 Qe5+ 62. Kh1 Qe3 63. Qd1+ Kf2 64. Qc2+ Kg3 65. Qd1 Qf2
66. Qg1 Qxg1+ 67. Kxg1 h3 68. Kh1 hxg2+ 69. Kg1 f4 70. a4 bxa4 71. b5 a3 0-1

[Event "Open Letni Praha 2017 - A"]
[Site "Praha"]
[Date "2017.08.09"]
[Round "7"]
[White "Slampa, Jan"]
[Black "French, Max"]
[Result "0-1"]
[WhiteElo "2252"]
[BlackElo "1968"]
[PlyCount "130"]
[EventDate "2017.08.04"]

1. e4 c6 2. d4 d5 3. e5 c5 4. Nf3 Bg4 5. h3 Bxf3 6. Qxf3 e6 7. dxc5 Nc6 8. Qg3
Nge7 9. Bd3 Ng6 10. O-O Bxc5 11. Bxg6 hxg6 12. Nd2 Qh4 13. Qxh4 Rxh4 14. Nb3
Bb6 15. Re1 Nb4 16. Re2 Rc8 17. c3 Nd3 18. a4 Re4 19. Be3 Bxe3 20. fxe3 Rxe5
21. Nd4 a6 22. g4 Re4 23. a5 e5 24. Nf3 Nf4 25. Ree1 Nxh3+ 26. Kg2 Ng5 27. Kg3
Nxf3 28. Kxf3 Ke7 29. Red1 Ke6 30. Ra3 Rec4 31. Rb3 R8c7 32. Rb6+ R4c6 33. Rb4
b5 34. axb6 Rb7 35. Ra1 Rbxb6 36. Rxb6 Rxb6 37. b4 Rc6 38. Ra3 f5 39. g5 Kd6
40. Ra5 f4 41. exf4 Rxc3+ 42. Ke2 Rc6 43. fxe5+ Kxe5 44. Kd3 Rb6 45. Kc3 Ke4
46. Rc5 d4+ 47. Kd2 Rxb4 48. Rc6 Kf5 49. Rxa6 Kxg5 50. Ra1 Rb6 51. Rg1+ Kf6 52.
Rf1+ Ke7 53. Kd3 Rd6 54. Rf4 g5 55. Rf5 g6 56. Rxg5 Kf6 57. Rg1 g5 58. Ke4 d3
59. Rf1+ Kg6 60. Rd1 d2 61. Ke3 Kh5 62. Rxd2 Rxd2 63. Kxd2 Kg4 64. Ke2 Kg3 65.
Kf1 Kh2 0-1

[Event "Open Letni Praha 2017 - A"]
[Site "Praha"]
[Date "2017.08.09"]
[Round "7"]
[White "Plasil, Petr"]
[Black "Toman, Ondrej"]
[Result "0-1"]
[WhiteElo "2007"]
[BlackElo "2187"]
[PlyCount "114"]
[EventDate "2017.08.04"]

1. d4 Nf6 2. c4 e6 3. Nf3 b6 4. a3 Be7 5. Nc3 Bb7 6. e3 d5 7. cxd5 exd5 8. Ne5
O-O 9. Be2 c5 10. O-O Nc6 11. Nxc6 Bxc6 12. Re1 Qc7 13. Bf3 Rfd8 14. b3 Ne4 15.
Bb2 Rd6 16. Rc1 Rad8 17. dxc5 bxc5 18. Qc2 Rh6 19. g3 Ng5 20. Bg2 d4 21. Ne4
Bxe4 22. Bxe4 d3 23. Bxd3 Nf3+ 24. Kg2 Nxe1+ 25. Rxe1 Bf6 26. Bc1 Rh5 27. Be2
Rhd5 28. Bc4 R5d7 29. e4 Qa5 30. Re3 Bd4 31. Rf3 Re8 32. Bd2 Qb6 33. Bd5 Rf8
34. Qc4 Kh8 35. b4 f6 36. b5 Re7 37. a4 Qd6 38. Bf4 Qd8 39. a5 Rfe8 40. Bc6
Qxa5 41. Bxe8 Rxe8 42. Qf7 Qxb5 43. Rb3 Qc6 44. f3 Rg8 45. Rb8 Rxb8 46. Bxb8 h6
47. Bxa7 Qb5 48. Kh3 Kh7 49. Kg4 Qc6 50. Qd5 Qc7 51. Bb6 Qxb6 52. Qf5+ Kg8 53.
Qc8+ Kf7 54. Qd7+ Kf8 55. Kf5 Qb8 56. f4 Qe8 57. Qd6+ Kg8 0-1

[Event "Open Letni Praha 2017 - A"]
[Site "Praha"]
[Date "2017.08.09"]
[Round "7"]
[White "Aroven, Mikael"]
[Black "Drahorad, Daniel"]
[Result "0-1"]
[WhiteElo "2175"]
[BlackElo "1925"]
[PlyCount "160"]
[EventDate "2017.08.04"]

1. c4 e5 2. e3 Nc6 3. Nc3 Bb4 4. Nd5 a5 5. Qg4 Bf8 6. Qd1 Nf6 7. Ne2 Nxd5 8.
cxd5 Nb4 9. Nc3 g6 10. Be2 Bg7 11. O-O O-O 12. d3 d6 13. Rb1 c6 14. dxc6 bxc6
15. a3 Na6 16. Bf3 Bb7 17. Na4 Qe7 18. Bd2 Nc7 19. Qc2 Ra6 20. Rfc1 Rc8 21. Qd1
Ne6 22. Qe1 Rca8 23. Be2 Qd8 24. d4 R6a7 25. dxe5 Bxe5 26. f4 Bg7 27. Bc3 c5
28. Qd1 Be4 29. Bd3 Bxd3 30. Qxd3 Bxc3 31. Nxc3 Rb7 32. Nd5 Nc7 33. Nxc7 Rxc7
34. Rd1 Rd7 35. Qd5 Rb8 36. b3 Rb6 37. Rbc1 Qb8 38. Rc3 Rbb7 39. Rdd3 a4 40.
bxa4 Ra7 41. h3 Rxa4 42. Rc4 Rxc4 43. Qxc4 Rb7 44. e4 Rb1+ 45. Kh2 Qc7 46. Re3
Rd1 47. Qe2 Rd4 48. Qf3 Qb7 49. f5 Qe7 50. e5 dxe5 51. f6 Qc7 52. Re4 h6 53.
Kh1 Kh7 54. h4 Rxe4 55. Qxe4 Qd6 56. Qc4 Qxf6 57. a4 Kg7 58. a5 e4 59. Qxc5
Qxh4+ 60. Kg1 Qe1+ 61. Kh2 Qa1 62. Kg3 e3 63. Qxe3 Qxa5 64. Qd4+ Kg8 65. Kh2
Qg5 66. Kg1 Kh7 67. Qd7 Qf6 68. Qb7 h5 69. Qd7 g5 70. Qd3+ Kh6 71. Qa3 Kg7 72.
Qa5 h4 73. Qb4 Qe5 74. Qg4 Kg6 75. Qb4 f6 76. Qb1+ Qf5 77. Qb8 Qc5+ 78. Kf1
Qc1+ 79. Ke2 Qc2+ 80. Kf1 Qd3+ 0-1

[Event "Open Letni Praha 2017 - A"]
[Site "Praha"]
[Date "2017.08.09"]
[Round "7"]
[White "Sprenar, Petr"]
[Black "Bjornsson, Tomas"]
[Result "1/2-1/2"]
[WhiteElo "1999"]
[BlackElo "2169"]
[PlyCount "22"]
[EventDate "2017.08.04"]

1. d4 Nf6 2. Bf4 g6 3. Nc3 Bg7 4. e4 d6 5. Qd2 c6 6. Nf3 O-O 7. O-O-O b5 8. Bd3
Be6 9. Kb1 b4 10. Ne2 Qb6 11. Bh6 Bg4 1/2-1/2

[Event "Open Letni Praha 2017 - A"]
[Site "Praha"]
[Date "2017.08.09"]
[Round "7"]
[White "Hiller, Simon"]
[Black "Patil, Mitali Madhukar"]
[Result "1/2-1/2"]
[WhiteElo "2164"]
[BlackElo "1959"]
[PlyCount "31"]
[EventDate "2017.08.04"]

1. Nf3 d5 2. c4 c6 3. d4 Nf6 4. Nc3 a6 5. a4 Bf5 6. a5 e6 7. Qb3 Ra7 8. Bf4
Nbd7 9. h3 Be7 10. e3 O-O 11. Nh4 Bg6 12. Nxg6 hxg6 13. Bd3 Ne8 14. c5 e5 15.
Bh2 Nc7 16. O-O 1/2-1/2

[Event "Open Letni Praha 2017 - A"]
[Site "Praha"]
[Date "2017.08.09"]
[Round "7"]
[White "Kucera, Tomas"]
[Black "Pranav, Anand"]
[Result "0-1"]
[WhiteElo "1993"]
[BlackElo "2155"]
[PlyCount "38"]
[EventDate "2017.08.04"]

1. e4 e5 2. Nf3 Nc6 3. d4 exd4 4. Bc4 Nf6 5. e5 d5 6. Bb5 Ne4 7. Nxd4 Bc5 8.
Be3 O-O 9. Nxc6 bxc6 10. Bxc5 Nxc5 11. Bxc6 Rb8 12. Qxd5 Qe7 13. O-O Rd8 14.
Qf3 Ne6 15. Qa3 Qg5 16. Qg3 Qxg3 17. hxg3 Nd4 18. Be4 Ne2+ 19. Kh2 Rb6 0-1

[Event "Open Letni Praha 2017 - A"]
[Site "Praha"]
[Date "2017.08.09"]
[Round "7"]
[White "Kaderabek, Jiri"]
[Black "Thrish, Karthik"]
[Result "1-0"]
[WhiteElo "2120"]
[BlackElo "1746"]
[PlyCount "101"]
[EventDate "2017.08.04"]

1. d4 Nf6 2. Nf3 g6 3. c4 Bg7 4. g3 d6 5. Bg2 Nbd7 6. Nc3 O-O 7. O-O e5 8. b3
Ne8 9. Bb2 c6 10. Qd2 Qe7 11. dxe5 dxe5 12. a4 f5 13. Ba3 Qf6 14. e4 Nc7 15.
Rad1 Ne6 16. Bxf8 Ndxf8 17. Qc2 f4 18. Rd6 Qe7 19. Rfd1 Nd4 20. R6xd4 exd4 21.
Nxd4 fxg3 22. hxg3 Ne6 23. Nxe6 Bxe6 24. Qd2 Bf6 25. Qe3 Rd8 26. Rxd8+ Qxd8 27.
e5 Bg7 28. f4 Qb6 29. Qxb6 axb6 30. Kf2 Bf5 31. Be4 Bg4 32. Ke3 Bf8 33. Bf3
Bc5+ 34. Ke2 Bf5 35. Ne4 Bxe4 36. Bxe4 Kf7 37. Bg2 Ke7 38. Bh3 Kd8 39. Kf3 Bg1
40. Be6 h6 41. Bf7 g5 42. f5 Ke7 43. Bg6 Bd4 44. Ke4 Bf2 45. f6+ Ke6 46. Bf5+
Kf7 47. g4 b5 48. Bd7 bxc4 49. bxc4 Kg6 50. Be8+ Kh7 51. Bf7 1-0

[Event "Open Letni Praha 2017 - A"]
[Site "Praha"]
[Date "2017.08.09"]
[Round "7"]
[White "Domanski, Lukasz"]
[Black "Pribyl, Viktor"]
[Result "0-1"]
[WhiteElo "2102"]
[BlackElo "1906"]
[PlyCount "80"]
[EventDate "2017.08.04"]

1. e4 c5 2. Nf3 d6 3. d4 cxd4 4. Nxd4 Nf6 5. Nc3 a6 6. Bc4 e6 7. O-O Be7 8. Bb3
O-O 9. Qf3 Qc7 10. Qg3 Nc6 11. Nxc6 bxc6 12. e5 dxe5 13. Re1 Kh8 14. Bg5 Bb7
15. Qxe5 Bd6 16. Qd4 Bxh2+ 17. Kh1 c5 18. Qh4 Be5 19. Re3 Ng8 20. Bc4 h6 21.
Rh3 Qc6 22. Rg1 Bf6 23. Bxf6 Nxf6 24. Qf4 Ne4 25. Bd3 f5 26. Bxe4 fxe4 27. Qe3
Rf7 28. Rh4 Rf5 29. Re1 Raf8 30. Re2 Qd6 31. Rxh6+ gxh6 32. Qxh6+ Kg8 33. Qg6+
Kh8 34. Re3 Rf3 35. gxf3 Rxf3 36. Qh6+ Kg8 37. Re1 e3 38. Qg6+ Kf8 39. Qh6+ Ke7
40. Qh4+ Kd7 0-1

[Event "Open Letni Praha 2017 - A"]
[Site "Praha"]
[Date "2017.08.09"]
[Round "7"]
[White "Baysarsaikhan, Yanjinlkham"]
[Black "Malinovsky, Petr"]
[Result "1/2-1/2"]
[WhiteElo "1988"]
[BlackElo "2057"]
[PlyCount "70"]
[EventDate "2017.08.04"]

1. d4 d5 2. c4 e6 3. Nf3 c6 4. Nbd2 f5 5. g3 Nf6 6. Bg2 Bd6 7. O-O Nbd7 8. Rb1
a5 9. Qa4 O-O 10. c5 Bc7 11. b4 b5 12. cxb6 Nxb6 13. Qc2 axb4 14. Rxb4 Bd6 15.
Rb1 Bd7 16. Nb3 Nc4 17. Nbd2 Na3 18. Bxa3 Rxa3 19. Rb2 e5 20. e3 f4 21. exf4
exf4 22. Ne5 Qe7 23. Nxd7 Qxd7 24. Re1 fxg3 25. hxg3 Qg4 26. Nb3 Ra6 27. Nc5
Ra3 28. Rb3 Bxc5 29. Qxc5 Rxa2 30. Bf3 Qg5 31. Qxc6 Ne4 32. Bxe4 dxe4 33. Rf1
Qf5 34. Rb5 Qf7 35. Rb7 Rc2 {not readable} 1/2-1/2

[Event "Open Letni Praha 2017 - A"]
[Site "?"]
[Date "2017.08.10"]
[Round "8"]
[White "Mammadov, Zaur"]
[Black "Iordachescu, Viorel"]
[Result "1-0"]
[WhiteElo "2424"]
[BlackElo "2581"]
[PlyCount "57"]
[EventDate "2017.??.??"]
[WhiteClock "0:41:50"]
[BlackClock "0:00:46"]

1. e4 e5 2. Nf3 Nc6 3. Nc3 g6 4. d4 exd4 5. Nxd4 Bg7 6. Nxc6 bxc6 7. Be3 Nf6 8.
e5 Ng8 9. Bc4 Nh6 10. Qd2 Qh4 11. Bf4 Ng4 12. g3 Qe7 13. O-O-O O-O 14. Rhe1 Qc5
15. Qe2 Nxe5 16. Bxe5 Bxe5 17. Qxe5 Qxc4 18. Re4 Qe6 19. Qxc7 Qf6 20. Rde1 Qxf2
21. Qd6 Ba6 22. R4e3 Qf5 23. Ne4 Rad8 24. g4 Qa5 25. Nf6+ Kh8 26. Qf4 Kg7 27.
Re5 Qxa2 28. Nh5+ Kg8 29. Qf6 1-0

[Event "Open Letni Praha 2017 - A"]
[Site "?"]
[Date "2017.08.10"]
[Round "8"]
[White "Brokken, Dennis"]
[Black "Vichnar, David"]
[Result "1-0"]
[WhiteElo "2401"]
[BlackElo "2428"]
[PlyCount "135"]
[EventDate "2017.??.??"]
[WhiteClock "0:38:59"]
[BlackClock "0:20:52"]

1. d4 d5 2. c4 c6 3. Nf3 e6 4. Qc2 Nd7 5. e3 Ngf6 6. b3 Bd6 7. Bb2 Qe7 8. Nbd2
O-O 9. Bd3 e5 10. cxd5 cxd5 11. dxe5 Nxe5 12. Nxe5 Bxe5 13. Bxe5 Qxe5 14. O-O
Bg4 15. Rac1 Rac8 16. Qb1 Qd6 17. h3 Bd7 18. Nf3 b6 19. Qb2 a5 20. a3 h6 21. b4
Rfd8 22. Qd4 Be6 23. Rfd1 Rc7 24. Ne5 Rdc8 25. Rb1 Nd7 26. Nxd7 Rxd7 27. Bb5
Rdd8 28. Rbc1 axb4 29. axb4 Rxc1 30. Rxc1 Rc8 31. Rxc8+ Bxc8 32. Be2 Qc6 33.
Bd3 Be6 34. Qe5 g6 35. b5 Qc8 36. Kh2 Qc5 37. Bxg6 Qxb5 38. f4 Bxh3 39. Bh5 Bd7
40. Qf6 Be8 41. Qxh6 Qc6 42. Qg5+ Kf8 43. Qe5 b5 44. Bf3 Qe6 45. Qd4 Bc6 46.
Kg1 Ke7 47. Kf2 Qd6 48. g4 f6 49. Ke2 Bd7 50. g5 fxg5 51. Qg7+ Kd8 52. Qxg5+
Kc7 53. Qxd5 b4 54. Be4 Qb6 55. Bd3 b3 56. Qe5+ Kd8 57. Qh8+ Kc7 58. Qc3+ Kd8
59. Qd4 Qb7 60. Qf6+ Kc7 61. Qe5+ Kd8 62. Qa5+ Ke7 63. Qg5+ Kf8 64. Qf6+ Kg8
65. Bc4+ Kh7 66. Qe7+ Kh6 67. Qg5+ Kh7 68. Bd3+ 1-0

[Event "Open Letni Praha 2017 - A"]
[Site "?"]
[Date "2017.08.10"]
[Round "8"]
[White "Urtnasan, Nasanjargal"]
[Black "Campora, Daniel"]
[Result "1-0"]
[WhiteElo "2419"]
[BlackElo "2436"]
[PlyCount "83"]
[EventDate "2017.??.??"]
[WhiteClock "0:03:54"]
[BlackClock "0:02:38"]

1. d4 Nf6 2. c4 e6 3. g3 d5 4. Nf3 Be7 5. Bg2 O-O 6. O-O b6 7. Nc3 Bb7 8. cxd5
exd5 9. Ne5 Na6 10. Qa4 Qe8 11. Qb3 c6 12. Re1 Nc7 13. e4 Qd8 14. Be3 dxe4 15.
Nxe4 Ncd5 16. Rac1 Rc8 17. Qa4 Nxe3 18. fxe3 Nd5 19. Qxa7 Rc7 20. Qa4 c5 21.
Rcd1 cxd4 22. exd4 g6 23. Qb3 Qa8 24. Nc3 Nxc3 25. Bxb7 Ne2+ 26. Rxe2 Qxb7 27.
a3 Kg7 28. Qf3 Qc8 29. d5 Rc1 30. Rxc1 Qxc1+ 31. Kg2 Qc7 32. Nc6 Bd6 33. Qc3+
f6 34. a4 Qd7 35. Qe3 h5 36. Qe6 Qc7 37. b4 Rf7 38. a5 bxa5 39. bxa5 h4 40.
gxh4 Bxh2 41. Qxf7+ Kxf7 42. Re7+ 1-0

[Event "Open Letni Praha 2017 - A"]
[Site "?"]
[Date "2017.08.10"]
[Round "8"]
[White "Plischki, Sebastian"]
[Black "Kraus, Tomas"]
[Result "1/2-1/2"]
[WhiteElo "2383"]
[BlackElo "2424"]
[PlyCount "119"]
[EventDate "2017.??.??"]
[WhiteClock "0:16:26"]
[BlackClock "0:11:28"]

1. d4 d5 2. c4 e6 3. Nc3 Bb4 4. cxd5 exd5 5. Bf4 c5 6. dxc5 Nf6 7. e3 O-O 8.
Bd3 Re8 9. Nge2 Nbd7 10. O-O Nxc5 11. a3 Bxc3 12. Nxc3 Bg4 13. Be2 Bxe2 14.
Qxe2 Nfe4 15. Rac1 d4 16. Nxe4 d3 17. Qd1 Nxe4 18. f3 Ng5 19. Rc3 Ne6 20. Rxd3
Qf6 21. Bg3 Qxb2 22. Rb3 Qf6 23. Rxb7 Nc5 24. Rb5 Qc6 25. Qb1 Na4 26. Re5 Nc3
27. Qc2 Qc4 28. Rxe8+ Rxe8 29. Re1 Qc5 30. Bd6 Ne2+ 31. Rxe2 Qxd6 32. Qc3 Rd8
33. Re1 h6 34. Rc1 Qa6 35. e4 Qb6+ 36. Kh1 Qf2 37. h3 Qe2 38. Kh2 Qa6 39. Qc7
Qb6 40. Rc6 Qd4 41. Qf4 Qd3 42. a4 a5 43. Rc5 Ra8 44. Qe5 Qa6 45. Qd5 Ra7 46.
f4 Qf6 47. Qe5 Qxe5 48. Rxe5 Rc7 49. Rxa5 Rc4 50. Kg3 Rxe4 51. Kf3 Rb4 52. Ra8+
Kh7 53. a5 Rb3+ 54. Ke4 Rg3 55. a6 Rxg2 56. Rb8 Ra2 57. Rb6 f6 58. f5 Ra5 59.
h4 h5 60. Kf4 1/2-1/2

[Event "Open Letni Praha 2017 - A"]
[Site "?"]
[Date "2017.08.10"]
[Round "8"]
[White "Domogaev, Sergey"]
[Black "Zlatin, Alex"]
[Result "1-0"]
[WhiteElo "2400"]
[BlackElo "2149"]
[PlyCount "97"]
[EventDate "2017.??.??"]
[WhiteClock "0:21:21"]
[BlackClock "0:04:00"]

1. c4 e6 2. d4 Nf6 3. Nc3 d5 4. cxd5 exd5 5. Bg5 Be7 6. e3 O-O 7. Bd3 Nbd7 8.
Nge2 h6 9. Bf4 c6 10. h3 Re8 11. Qc2 Nf8 12. g4 Ne6 13. Be5 c5 14. dxc5 Nd7 15.
Bg3 Nexc5 16. Bh7+ Kh8 17. Nxd5 Nf8 18. Nxe7 Qxe7 19. Bf5 Bxf5 20. Qxf5 g6 21.
Qc2 Rac8 22. Nc3 b5 23. O-O Qb7 24. Qe2 a6 25. Rad1 Nh7 26. f3 Nf6 27. a3 Re6
28. e4 Kh7 29. Qd2 Nb3 30. Qf4 Na5 31. e5 Ng8 32. Ne4 Nc4 33. b3 Nxe5 34. Nd6
Qa7+ 35. Bf2 Qa8 36. Bd4 Rxd6 37. Qxe5 Rf6 38. Ba1 Re8 39. Qc7 Qc6 40. Rd7 Qxc7
41. Rxc7 Rf4 42. Kf2 g5 43. Rd1 h5 44. Rd5 hxg4 45. hxg4 Kg6 46. Rc6+ f6 47.
Rdd6 Kh7 48. Rc7+ Kg6 49. Rdd7 1-0

[Event "Open Letni Praha 2017 - A"]
[Site "?"]
[Date "2017.08.10"]
[Round "8"]
[White "Mustafayev, Farid"]
[Black "Yagupov, Igor"]
[Result "0-1"]
[WhiteElo "2076"]
[BlackElo "2395"]
[PlyCount "118"]
[EventDate "2017.??.??"]
[WhiteClock "0:09:38"]
[BlackClock "0:13:08"]

1. e4 c5 2. c3 Nf6 3. e5 Nd5 4. d4 cxd4 5. cxd4 d6 6. Nf3 e6 7. Nc3 Nxc3 8.
bxc3 Qc7 9. Bd2 Nd7 10. exd6 Bxd6 11. Bd3 b6 12. O-O Bb7 13. h3 O-O 14. Qe2 Bf4
15. Bxf4 Qxf4 16. Qe3 Qd6 17. Rfd1 Rac8 18. c4 Rc7 19. Rab1 g6 20. a4 Bxf3 21.
Qxf3 e5 22. Qd5 Qf6 23. Bf1 exd4 24. a5 bxa5 25. Qxa5 Rfc8 26. Qd5 Nb6 27. Qxd4
Qxd4 28. Rxd4 Nxc4 29. Bxc4 Rxc4 30. Rd7 Rc1+ 31. Rxc1 Rxc1+ 32. Kh2 a5 33. Ra7
Rc5 34. Kg3 h5 35. h4 Kg7 36. Ra6 Kf8 37. Ra7 Rf5 38. f3 Ke8 39. Kf2 Kd8 40.
Ke3 Kc8 41. g4 Kb8 42. Rd7 Rb5 43. Rxf7 a4 44. Rf6 Kb7 45. Rf4 Ra5 46. gxh5
gxh5 47. Rb4+ Kc6 48. Rb2 a3 49. Ra2 Kb5 50. Ke4 Kb4 51. f4 Kb3 52. Ra1 Kb2 53.
Rf1 a2 54. f5 a1=Q 55. Rxa1 Rxa1 56. Kf4 Kc3 57. f6 Kd4 58. f7 Rf1+ 59. Kg5
Rxf7 0-1

[Event "Open Letni Praha 2017 - A"]
[Site "?"]
[Date "2017.08.10"]
[Round "8"]
[White "Chernyshov, Konstantin"]
[Black "Karayev, Kanan"]
[Result "1/2-1/2"]
[WhiteElo "2496"]
[BlackElo "2228"]
[PlyCount "95"]
[EventDate "2017.??.??"]
[WhiteClock "0:19:05"]
[BlackClock "0:23:01"]

1. d4 Nf6 2. c4 e6 3. Nf3 b6 4. Nc3 Bb7 5. e3 d5 6. cxd5 exd5 7. Ne5 Nbd7 8.
Bb5 Bd6 9. Bc6 Qc8 10. Qa4 a6 11. Nxd7 Nxd7 12. Nxd5 b5 13. Qc2 O-O 14. O-O f5
15. Bd2 Nf6 16. Bxb7 Qxb7 17. Nxf6+ Rxf6 18. Bb4 f4 19. Bxd6 cxd6 20. Rac1 Raf8
21. Qb3+ Kh8 22. exf4 Rxf4 23. d5 Qf7 24. f3 Rf5 25. Rfd1 h6 26. Rc6 Qa7+ 27.
Kh1 Qf2 28. Rc2 Qh4 29. Re2 Rh5 30. h3 Qg3 31. Qd3 Re5 32. Rxe5 Qxe5 33. Qd4
Qxd4 34. Rxd4 Rc8 35. Rd2 Kh7 36. Kh2 a5 37. Kg3 Kg6 38. Re2 Kf5 39. Re6 Rc2
40. f4 h5 41. Kf3 h4 42. Rxd6 Rxb2 43. Rd8 Rxa2 44. Rf8+ Kg6 45. Ke3 Ra1 46.
Kd2 Ra4 47. Kd3 Ra1 48. Ke2 1/2-1/2

[Event "Open Letni Praha 2017 - A"]
[Site "?"]
[Date "2017.08.10"]
[Round "8"]
[White "Neuman, Petr"]
[Black "Sindler, Michal"]
[Result "1-0"]
[WhiteElo "2457"]
[BlackElo "2201"]
[PlyCount "95"]
[EventDate "2017.??.??"]
[WhiteClock "0:31:13"]
[BlackClock "0:30:17"]

1. d4 Nf6 2. c4 g6 3. Nc3 Bg7 4. e4 d6 5. f3 c6 6. Be3 a6 7. c5 Nbd7 8. Nge2
O-O 9. Rc1 Ne8 10. Qd2 e5 11. dxe5 Nxe5 12. Ng3 Qe7 13. cxd6 Qxd6 14. Qxd6 Nxd6
15. Bc5 Nec4 16. b3 b6 17. Bf2 Na3 18. Bxb6 Bh6 19. Rd1 Ndb5 20. Na4 Nc2+ 21.
Kf2 Re8 22. Bc5 a5 23. Bc4 Nba3 24. Nb6 Rb8 25. Bd3 Be6 26. Ne2 Nb4 27. Nd4 Bf8
28. Bxf8 Kxf8 29. Nxe6+ fxe6 30. Nd7+ Ke7 31. Nxb8 Rxb8 32. Be2 e5 33. Rd2 Nac2
34. Rc1 Nd4 35. Rc5 Kd6 36. Rxa5 g5 37. a3 Nbc2 38. b4 Ke6 39. Rc5 Nxa3 40. Ra2
Nab5 41. Bxb5 Rxb5 42. Rxb5 cxb5 43. Ra6+ Kf7 44. Ra7+ Kg6 45. Re7 Nc2 46. Rxe5
Nxb4 47. Rxb5 Nd3+ 48. Ke3 1-0

[Event "Open Letni Praha 2017 - A"]
[Site "?"]
[Date "2017.08.10"]
[Round "8"]
[White "Radeva, Viktoria"]
[Black "Saiyn, Zhanat"]
[Result "0-1"]
[WhiteElo "2214"]
[BlackElo "2381"]
[PlyCount "84"]
[EventDate "2017.??.??"]
[WhiteClock "0:27:19"]
[BlackClock "0:40:41"]

1. e4 g6 2. d4 d6 3. Nc3 Bg7 4. Nf3 a6 5. Be3 b5 6. a3 Bb7 7. Bd3 Nd7 8. O-O c5
9. h3 cxd4 10. Bxd4 Bxd4 11. Nxd4 Ngf6 12. Qe2 O-O 13. Rad1 Qb6 14. Nf3 e5 15.
Rfe1 Rfd8 16. Nd2 Nh5 17. Qf3 Nf4 18. Ne2 Ne6 19. h4 h5 20. Nf1 Kg7 21. Ne3 Nf6
22. Nc3 Qc5 23. Qg3 Rac8 24. Nf5+ Kf8 25. Ne3 Re8 26. Qf3 Kg7 27. Rd2 Bc6 28.
Red1 Rcd8 29. Qg3 a5 30. Ncd5 Bxd5 31. exd5 Nf8 32. Nf5+ Kh8 33. Ne3 N6h7 34.
Nf1 Rb8 35. Qe3 Qc7 36. Qe2 Qc5 37. Qe3 Nd7 38. g3 f5 39. Qh6 Rg8 40. Be2 Ndf6
41. Bf3 Rg7 42. Re2 f4 0-1

[Event "Open Letni Praha 2017 - A"]
[Site "?"]
[Date "2017.08.10"]
[Round "8"]
[White "Lamorelle, Julien"]
[Black "Yuan, Ye"]
[Result "1/2-1/2"]
[WhiteElo "2358"]
[BlackElo "2197"]
[PlyCount "110"]
[EventDate "2017.??.??"]
[WhiteClock "0:13:39"]
[BlackClock "0:46:56"]

1. e4 c5 2. Nf3 e6 3. d4 cxd4 4. Nxd4 Nc6 5. Nc3 Qc7 6. f4 Nxd4 7. Qxd4 b6 8.
Bd2 Bb7 9. Nb5 Qc6 10. Bb4 Nf6 11. Bxf8 Kxf8 12. e5 Qe4+ 13. Be2 Qxd4 14. Nxd4
Ne4 15. Bf3 Nc5 16. Bxb7 Nxb7 17. O-O-O f5 18. Nb5 Ke7 19. Rd4 a6 20. Rhd1 Rhd8
21. Nd6 Nxd6 22. Rxd6 Rab8 23. R1d3 Rb7 24. Rb3 Rdb8 25. a4 h6 26. h4 h5 27.
Kd2 Kf7 28. Rbd3 Ke7 29. Rg3 Kf7 30. b4 Rc8 31. Rc3 Rcb8 32. a5 Ke7 33. Rcd3
bxa5 34. bxa5 Ra7 35. Rg3 Kf7 36. Rb3 Rc8 37. Rbb6 Rac7 38. Rb2 Ra7 39. Rbb6
Rac7 40. c3 Ke7 41. Rxa6 Rxc3 42. Ra7 Rc2+ 43. Kd1 R2c7 44. Rxc7 Rxc7 45. Kd2
Rc4 46. g3 Ra4 47. Ra6 Ra3 48. Ra8 Rxg3 49. a6 Rf3 50. Rg8 Ra3 51. Ra8 Rf3 52.
a7 Ra3 53. Kc2 g6 54. Kb2 Ra4 55. Kb3 Ra1 1/2-1/2